000
00351pab a2200157 454500
008
180718b1995 xxu||||| |||| 00| 0 eng d
100
_a
Fyfe, Nicholas R.
245
_a
Policing the city
260
_c
1995
300
_a
p.759-78
362
_a
May
650
_a
Community policing
650
_a
Police
773
_a
Urban Studies
909
_a
29289
999
_c
29289
_d
29289